[Event "zonal 3.2a"]
[Site "Yangon MYA"]
[Date "1998.12.09"]
[Round "1"]
[White "Aung Aung"]
[Black "Naing Lin Aung"]
[Result "1/2-1/2"]
[WhiteElo "2400"]
[BlackElo "2190"]
[EventDate "1998.12.??"]
[PlyCount "135"]

1.e4 c5 2.Nf3 e6 3.d4 cxd4 4.Nxd4 Nf6 5.Nc3 Nc6 6.Ndb5 Bb4 7.a3 Bxc3+ 8.
Nxc3 d5 9.exd5 exd5 10.Bd3 O-O 11.O-O d4 12.Ne4 Bf5 13.Bg5 Bxe4 14.Bxe4 h6
15.Bh4 g5 16.Bxc6 bxc6 17.Bg3 Qd5 18.f3 c5 19.b3 Rfe8 20.Bf2 Rad8 21.Qd3 
Nh5 22.g3 Ng7 23.Rfe1 Rxe1+ 24.Rxe1 Ne6 25.Rd1 Rc8 26.c4 Qd8 27.b4 Qc7 28.
b5 Ng7 29.Be1 Re8 30.Bd2 Qd7 31.a4 Nf5 32.a5 Nd6 33.Rc1 Kg7 34.a6 Qe6 35.
Kf2 Qh3 36.Kg1 Qe6 37.Kf2 Qh3 38.Kg1 f6 39.Qf1 Qd7 40.Qd3 Qe6 41.Kf2 Nf7 
42.Re1 Ne5 43.Qe2 Qh3 44.Kg1 g4 45.fxg4 Nxg4 46.Qg2 Rxe1+ 47.Bxe1 Qxg2+ 
48.Kxg2 Ne3+ 49.Kf3 Nxc4 50.Ke4 Nd6+ 51.Kd5 Nxb5 52.Kc6 Na3 53.Kxc5 d3 54.
Ba5 Nb1 55.Kc6 d2 56.Bxd2 Nxd2 57.Kb7 Ne4 58.Kxa7 Nc5 59.Kb6 Nxa6 60.Kxa6 
Kg6 61.Kb5 Kf5 62.Kc6 Ke6 63.g4 Ke5 64.Kd7 f5 65.gxf5 Kxf5 66.Kd6 h5 67.
Kd5 h4 68.h3 1/2-1/2

[Event "zonal 3.2a"]
[Site "Yangon MYA"]
[Date "1998.12.09"]
[Round "1"]
[White "Dang Tat Thang"]
[Black "De Guzman, Ricardo"]
[Result "1-0"]
[WhiteElo "2245"]
[BlackElo "2400"]
[EventDate "1998.12.??"]
[PlyCount "109"]

1.d4 Nf6 2.Nf3 e6 3.Bf4 b6 4.e3 Bb7 5.Bd3 c5 6.Nbd2 Be7 7.c3 O-O 8.O-O Nh5
9.Qe2 cxd4 10.Nxd4 Nxf4 11.exf4 Nc6 12.N2f3 Bf6 13.Nxc6 Bxc6 14.Ne5 Qc7 
15.Nxc6 dxc6 16.f5 exf5 17.Bxf5 g6 18.Be4 Rfe8 19.Qc4 Re6 20.Bf3 b5 21.Qg4
h5 22.Qg3 Be5 23.Qh3 Rae8 24.g3 Bd6 25.Rad1 Bc5 26.Qh4 Kg7 27.a3 Rf6 28.
Rd3 Qe5 29.b4 Bb6 30.c4 Qf5 31.Rc3 g5 32.Qxh5 Bd4 33.Bg4 Qe5 34.Rc2 Rh6 
35.Re2 Qf6 36.Rxe8 Rxh5 37.Bxh5 bxc4 38.Re2 c5 39.b5 Kh6 40.Bg4 c3 41.Ra2 
Qd6 42.Bd1 Qd5 43.Re2 Qc4 44.a4 Qd3 45.Rfe1 Bf6 46.Rc2 Qd5 47.a5 Qc4 48.b6
axb6 49.axb6 Qb5 50.Re8 Qxb6 51.Rg8 Qb2 52.Re2 Qa1 53.Kg2 Qa3 54.Re3 Qa2 
55.g4 1-0

[Event "zonal 3.2a"]
[Site "Yangon MYA"]
[Date "1998.12.09"]
[Round "1"]
[White "Dao Thien Hai"]
[Black "Zaw Oo"]
[Result "1-0"]
[WhiteElo "2580"]
[BlackElo "2340"]
[EventDate "1998.12.??"]
[PlyCount "91"]

1.d4 Nf6 2.c4 g6 3.Nc3 d5 4.cxd5 Nxd5 5.Bd2 Bg7 6.e4 Nb6 7.Be3 O-O 8.Be2 
Nc6 9.Nf3 Bg4 10.d5 Bxf3 11.gxf3 Ne5 12.Qb3 c6 13.f4 Ned7 14.Rd1 Qc7 15.
O-O Rfd8 16.a4 Nf6 17.a5 Nbd7 18.dxc6 bxc6 19.e5 Nd5 20.Nxd5 cxd5 21.Rxd5 
e6 22.Rb5 a6 23.Rc1 Qxc1+ 24.Bxc1 axb5 25.Qxb5 Rab8 26.Qa4 Nc5 27.Qa2 Rb4 
28.Qa3 Rdb8 29.a6 Nxa6 30.Qxa6 Bf8 31.Qc6 R8b6 32.Qc2 Rb8 33.Kg2 R8b6 34.
Bc4 Rb8 35.b3 R4b6 36.Be3 R6b7 37.Kf3 Be7 38.Qe4 Rc7 39.h4 Kg7 40.h5 Bf8 
41.Ke2 Be7 42.Qf3 Kh8 43.hxg6 hxg6 44.f5 gxf5 45.Qh5+ Kg8 46.Bh6 1-0

[Event "zonal 3.2a"]
[Site "Yangon MYA"]
[Date "1998.12.09"]
[Round "1"]
[White "Handoko, Edhi"]
[Black "Kyaw Kyaw Soe"]
[Result "1-0"]
[WhiteElo "2470"]
[BlackElo "2310"]
[EventDate "1998.12.??"]
[PlyCount "69"]

1.e4 e6 2.d4 d5 3.Nd2 Nf6 4.e5 Nfd7 5.Bd3 c5 6.c3 Nc6 7.Ne2 cxd4 8.cxd4 f6
9.exf6 Qxf6 10.Nf3 h6 11.O-O Bd6 12.Bc2 O-O 13.Qd3 Rd8 14.a3 Nf8 15.b4 Bd7
16.b5 Na5 17.Ne5 Nc4 18.Nxd7 Rxd7 19.f4 Rc8 20.Ra2 g6 21.a4 b6 22.Qh3 Rh7 
23.Bd3 Nd7 24.Rc2 Bf8 25.Be3 Nb8 26.Bf2 Rhc7 27.Bh4 Qf7 28.Rf3 Nd6 29.Rxc7
Rxc7 30.Bxg6 Qd7 31.Rg3 Bg7 32.Bf6 Qc8 33.Bxg7 Rxg7 34.Qxh6 Ne8 35.Rh3 1-0

[Event "zonal 3.2a"]
[Site "Yangon MYA"]
[Date "1998.12.09"]
[Round "1"]
[White "Lim Yee Weng"]
[Black "Nay Oo Kyaw Tun"]
[Result "0-1"]
[WhiteElo "2140"]
[BlackElo "2395"]
[EventDate "1998.12.??"]
[PlyCount "174"]

1.e4 e5 2.Nf3 Nc6 3.Bc4 Bc5 4.O-O Nf6 5.Nc3 d6 6.d3 h6 7.h3 O-O 8.Be3 Bb6 
9.Bxb6 axb6 10.d4 Re8 11.dxe5 Nxe5 12.Nxe5 dxe5 13.Qxd8 Rxd8 14.Rfd1 Bd7 
15.f3 Kf8 16.Rd2 c6 17.Rad1 Ke7 18.a4 Be8 19.Kf2 Nh5 20.Rxd8 Rxd8 21.Rxd8 
Kxd8 22.Ne2 Ke7 23.Ng3 Nxg3 24.Kxg3 Bd7 25.f4 exf4+ 26.Kxf4 g5+ 27.Ke3 f6 
28.b4 Kd6 29.a5 bxa5 30.bxa5 Ke5 31.Be2 f5 32.exf5 Bxf5 33.c4 Be4 34.g3 c5
35.Bg4 Bg2 36.Bc8 Kd6 37.h4 Kc7 38.Bf5 Kb8 39.Be4 Bh3 40.hxg5 hxg5 41.Bd3 
Bg2 42.Be4 Bh3 43.Bd5 Bf5 44.Be4 Bc8 45.Bd5 Ka7 46.Kd3 Ka6 47.Kc3 Kxa5 48.
Bf7 Bd7 49.Bd5 b6 50.Kb3 b5 51.cxb5 Bxb5 52.Kc3 Kb6 53.Bf7 Kc7 54.Bg6 Kd6 
55.Be4 Ke5 56.Bc2 Kd5 57.Bg6 Bf1 58.Bc2 Ke5 59.Bg6 Kf6 60.Bc2 Bb5 61.Be4 
Be2 62.Bc2 Kg7 63.Be4 Kf6 64.Bc2 Ke5 65.Bg6 Kd5 66.Bh7 Bg4 67.Bc2 Be6 68.
Bh7 Ke5 69.Bg6 c4 70.Bc2 Bd5 71.Bg6 Be4 72.Bh5 Bd3 73.Bf3 Bf1 74.Bc6 Be2 
75.Kd2 Bg4 76.Kc3 Be6 77.Bg2 Bf7 78.Kd2 Kd4 79.Bc6 c3+ 80.Kc2 Bg6+ 81.Kc1 
Bf5 82.Bf3 Ke3 83.g4 Be4 84.Bd1 Bf3 85.Ba4 Bxg4 86.Kc2 Kd4 87.Bc6 Bf5+ 0-1

[Event "zonal 3.2a"]
[Site "Yangon MYA"]
[Date "1998.12.09"]
[Round "1"]
[White "Mariano, Nelson"]
[Black "Myint Han"]
[Result "1/2-1/2"]
[WhiteElo "2435"]
[BlackElo "2260"]
[EventDate "1998.12.??"]
[PlyCount "57"]

1.e4 c5 2.Ne2 Nc6 3.Nbc3 d6 4.g3 g6 5.Bg2 Bg7 6.O-O Nf6 7.Nd5 O-O 8.c3 Bd7
9.h3 Rb8 10.Kh2 b5 11.d4 cxd4 12.Nxf6+ Bxf6 13.cxd4 e5 14.dxe5 dxe5 15.Bh6
Re8 16.Rc1 Rc8 17.Qd5 b4 18.Rfd1 Nd4 19.Nxd4 exd4 20.Qb7 a5 21.f4 Be6 22.
e5 Rxc1 23.Rxc1 Bg7 24.Bg5 Qb8 25.Rd1 h6 26.Qxb8 Rxb8 27.Be7 Bxa2 28.Rxd4 
Bf8 29.Bd6 1/2-1/2

[Event "zonal 3.2a"]
[Site "Yangon MYA"]
[Date "1998.12.09"]
[Round "1"]
[White "Matsuo, Tomohiko"]
[Black "Nadera, Barlo"]
[Result "1/2-1/2"]
[WhiteElo "2205"]
[BlackElo "2400"]
[EventDate "1998.12.??"]
[PlyCount "70"]

1.e4 e6 2.d4 d5 3.Nd2 Nf6 4.e5 Nfd7 5.Bd3 c5 6.c3 Nc6 7.Ne2 cxd4 8.cxd4 f6
9.Nf4 Qe7 10.Nf3 fxe5 11.dxe5 Ndxe5 12.Nxe5 Nxe5 13.Qh5+ Nf7 14.O-O g6 15.
Qe2 Qd6 16.Bb5+ Ke7 17.Bd2 Kf6 18.Rad1 d4 19.Rfe1 Bh6 20.Qf3 Kg7 21.Bc4 
Re8 22.Nxe6+ Bxe6 23.Bxe6 Re7 24.Bxh6+ Nxh6 25.Bd5 Rae8 26.Rxe7+ Rxe7 27.
g3 Nf5 28.Bxb7 Qb4 29.Be4 Nd6 30.Bd5 Qxb2 31.Qd3 Nf5 32.Be4 Nd6 33.Bd5 Nf5
34.Be4 Nd6 35.Bd5 Nf5 1/2-1/2

[Event "zonal 3.2a"]
[Site "Yangon MYA"]
[Date "1998.12.09"]
[Round "1"]
[White "Myo Naing"]
[Black "Utut Adianto"]
[Result "0-1"]
[WhiteElo "2345"]
[BlackElo "2610"]
[EventDate "1998.12.??"]
[PlyCount "84"]

1.e4 g6 2.d4 Bg7 3.Nc3 c5 4.Nf3 Nc6 5.dxc5 Bxc3+ 6.bxc3 Qa5 7.Bd2 Nf6 8.
Bd3 Qxc5 9.O-O d6 10.h3 O-O 11.Qe2 Qh5 12.Rfe1 Nd7 13.Nd4 Qxe2 14.Rxe2 Nc5
15.Ree1 Bd7 16.Rab1 b6 17.Nxc6 Bxc6 18.f3 Rac8 19.Kf2 Bd7 20.a3 Rfd8 21.h4
Na4 22.c4 Be6 23.Rb4 Nc5 24.Reb1 Rc7 25.Be3 Rdc8 26.Bxc5 Rxc5 27.Ra4 R8c7 
28.Ke3 Bxc4 29.Bxc4 Rxc4 30.Rxc4 Rxc4 31.Kd3 Ra4 32.Rb3 Kg7 33.g4 Kf6 34.
Rc3 h5 35.g5+ Ke6 36.Ke3 f5 37.gxf6 exf6 38.Kf4 b5 39.Rb3 a6 40.Rc3 Rc4 
41.Rxc4 bxc4 42.c3 d5 0-1

[Event "zonal 3.2a"]
[Site "Yangon MYA"]
[Date "1998.12.09"]
[Round "1"]
[White "Myo Thant Khine"]
[Black "Antonio, Rogelio jr"]
[Result "1/2-1/2"]
[WhiteElo "2320"]
[BlackElo "2540"]
[EventDate "1998.12.??"]
[PlyCount "89"]

1.e4 c6 2.d4 d5 3.Nd2 dxe4 4.Nxe4 Bf5 5.Ng3 Bg6 6.Nf3 Nf6 7.h4 h6 8.h5 Bh7
9.Bd3 Bxd3 10.Qxd3 Nbd7 11.Bd2 e6 12.O-O-O Qc7 13.c4 O-O-O 14.Ne4 Nxe4 15.
Qxe4 Nf6 16.Qe2 c5 17.Rh4 cxd4 18.Rxd4 Rxd4 19.Nxd4 a6 20.Kb1 Qc5 21.g4 
Be7 22.Bc3 Rd8 23.Rd2 Qc7 24.f3 Ne8 25.Nb3 Bf6 26.Bxf6 Nxf6 27.Rxd8+ Qxd8 
28.Kc2 Qc7 29.Nd2 Nd7 30.b4 Nf6 31.Kb3 Qf4 32.Qd3 Kc7 33.a4 b6 34.Ne4 Nxe4
35.Qxe4 Qd6 36.Kc3 a5 37.b5 e5 38.Kc2 Qc5 39.Kd3 Qd6+ 40.Qd5 Qxd5+ 41.cxd5
Kd7 42.Ke3 Ke7 43.Kd3 Kd7 44.Ke3 Ke7 45.Kd3 1/2-1/2

[Event "zonal 3.2a"]
[Site "Yangon MYA"]
[Date "1998.12.09"]
[Round "1"]
[White "Nyi Nyi Zaw"]
[Black "Watanabe, Akira"]
[Result "0-1"]
[WhiteElo "2190"]
[BlackElo "2350"]
[EventDate "1998.12.??"]
[PlyCount "120"]

1.d4 d5 2.c4 c6 3.Nf3 Nf6 4.Nc3 e6 5.e3 Nbd7 6.Bd3 dxc4 7.Bxc4 b5 8.Bd3 
Bb7 9.O-O a6 10.Qe2 c5 11.Rd1 cxd4 12.Nxd4 Bc5 13.Nb3 Be7 14.e4 O-O 15.Bg5
b4 16.Nb1 Ne5 17.Bc2 Qc7 18.Rc1 Ng6 19.N1d2 Qe5 20.Be3 Rac8 21.Bd4 Qg5 22.
Be3 Qe5 23.Bd4 Qg5 24.Be3 Nf4 25.Qf1 e5 26.Nf3 Qh5 27.Nbd2 Bc6 28.Bxf4 
exf4 29.Bd3 a5 30.Ba6 Rc7 31.h3 Bc5 32.Be2 Bxe4 33.Nb3 Bb6 34.Rxc7 Bxc7 
35.Rc1 Bb6 36.Nbd2 Bd5 37.Nc4 Ba7 38.Nce5 Ne4 39.Nd3 Qf5 40.Qd1 h6 41.a3 
b3 42.Nh2 Rd8 43.Bg4 Qf6 44.Bf3 Qd4 45.Qe2 Ng3 46.Qe7 Bxf3 47.Nxf3 Qxd3 
48.Kh2 Bxf2 49.Ne5 Qd5 50.Nxf7 Rf8 51.Nxh6+ gxh6 52.Rc7 Rf7 53.Qe8+ Kg7 
54.Rc8 Nh5 55.Qg8+ Kf6 56.Rd8 Bg3+ 57.Kh1 Qc6 58.Qh8+ Kg6 59.Rd1 f3 60.
Qg8+ Ng7 0-1

[Event "zonal 3.2a"]
[Site "Yangon MYA"]
[Date "1998.12.09"]
[Round "1"]
[White "Sharavdorj, Dashzeveg"]
[Black "Wong Zi Jing"]
[Result "1/2-1/2"]
[WhiteElo "2385"]
[BlackElo "2120"]
[EventDate "1998.12.??"]
[PlyCount "62"]

1.Nf3 Nf6 2.c4 c5 3.Nc3 Nc6 4.g3 d5 5.d4 Bg4 6.Bg2 Bxf3 7.Bxf3 cxd4 8.cxd5
dxc3 9.dxc6 Qxd1+ 10.Kxd1 O-O-O+ 11.Kc2 bxc6 12.bxc3 Nd5 13.Bd2 e5 14.e4 
Nb6 15.Be2 Bc5 16.Ba6+ Kc7 17.a4 Nd7 18.f3 Nb8 19.Bc4 a5 20.f4 f6 21.fxe5 
fxe5 22.Rhf1 Rdf8 23.Rf5 Nd7 24.Raf1 Rxf5 25.exf5 Nf6 26.Re1 Kd6 27.Be6 
Nd5 28.Kd3 Rb8 29.Re4 Rb2 30.Re2 Ra2 31.Re4 Rb2 1/2-1/2

[Event "zonal 3.2a"]
[Site "Yangon MYA"]
[Date "1998.12.09"]
[Round "1"]
[White "Villamayor, Buenaventura"]
[Black "Zaw Win Lay"]
[Result "1-0"]
[WhiteElo "2280"]
[BlackElo "2465"]
[EventDate "1998.12.??"]
[PlyCount "59"]

1.Nf3 Nf6 2.c4 g6 3.Nc3 Bg7 4.d4 O-O 5.Bg5 h6 6.Bh4 g5 7.Bg3 Nh5 8.e3 d6 
9.Be2 f5 10.Nd2 Nxg3 11.hxg3 c6 12.Qc2 a6 13.c5 Nd7 14.cxd6 exd6 15.Bd3 
Qf6 16.Nf3 b5 17.O-O Bb7 18.e4 f4 19.Rae1 Rae8 20.e5 dxe5 21.Ne4 Qe7 22.
dxe5 Nxe5 23.Nxe5 Bxe5 24.Nc5 fxg3 25.Rxe5 Qxe5 26.Nxb7 Qd4 27.Nc5 gxf2+ 
28.Rxf2 Re1+ 29.Bf1 Rc1 30.Qg6+ 1-0

[Event "zonal 3.2a"]
[Site "Yangon MYA"]
[Date "1998.12.10"]
[Round "2"]
[White "Utut Adianto"]
[Black "Roca, Petronio"]
[Result "1-0"]
[WhiteElo "2610"]
[BlackElo "2365"]
[EventDate "1998.12.??"]
[PlyCount "137"]

1.Nf3 g6 2.e4 Bg7 3.d4 d6 4.Be2 c5 5.d5 a6 6.a4 e5 7.dxe6 fxe6 8.O-O Ne7 
9.Ng5 h6 10.Nh3 Nbc6 11.Ra3 d5 12.Rg3 Be5 13.Bf4 Qd6 14.Bxe5 Nxe5 15.Nc3 
Bd7 16.f4 Nf7 17.f5 exf5 18.Nxd5 Nxd5 19.Bc4 O-O-O 20.Qxd5 Qxd5 21.Bxd5 
Ne5 22.Rc3 Kb8 23.Rxc5 Rc8 24.Rxc8+ Rxc8 25.c3 fxe4 26.Bxe4 Bxa4 27.Nf4 g5
28.Nd5 Bc6 29.Ne7 Re8 30.Nxc6+ bxc6 31.h3 Re6 32.b4 Kb7 33.Bf5 Re7 34.Rd1 
Nc4 35.Rd4 Ne3 36.Be4 Kc7 37.Bf3 Rd7 38.Rxd7+ Kxd7 39.Kf2 Nc4 40.Be2 Nb6 
41.Ke3 Nd5+ 42.Kd4 Nf4 43.Bg4+ Kd6 44.g3 Nd5 45.Bf5 Nf6 46.Bd3 Nh5 47.g4 
Nf4 48.Bf1 Kc7 49.c4 Kb6 50.Ke5 Kc7 51.c5 Kd7 52.Kf5 Ke7 53.h4 Nd5 54.hxg5
Ne3+ 55.Kg6 hxg5 56.Be2 Nd5 57.Bxa6 Nxb4 58.Bc4 Nc2 59.Kxg5 Ne3 60.Bb3 Ng2
61.Bc2 Ne3 62.Be4 Kd7 63.Kf4 Nc4 64.g5 Na5 65.g6 Ke7 66.Kg5 Nb3 67.g7 Kf7 
68.Kh6 Nxc5 69.Bg6+ 1-0

[Event "zonal 3.2a"]
[Site "Yangon MYA"]
[Date "1998.12.10"]
[Round "2"]
[White "Antonio, Rogelio jr"]
[Black "Dang Tat Thang"]
[Result "1-0"]
[WhiteElo "2540"]
[BlackElo "2245"]
[EventDate "1998.12.??"]
[PlyCount "84"]

1.e4 e5 2.Nf3 Nc6 3.Bb5 a6 4.Ba4 Nf6 5.O-O b5 6.Bb3 Bb7 7.Re1 Bc5 8.c3 Ng4
9.d4 exd4 10.h3 Nxf2 11.Kxf2 dxc3+ 12.Kf1 cxb2 13.Bxb2 d6 14.Bd5 O-O 15.
Nbd2 Rb8 16.Nb3 Bb6 17.Qd2 b4 18.Rac1 Ne5 19.Bxe5 dxe5 20.Bxb7 Qxd2 21.
Nbxd2 Rxb7 22.Nxe5 f5 23.exf5 Rxf5+ 24.Ndf3 Bd4 25.Nc6 Bf6 26.Ne7+ Bxe7 
27.Rxe7 Rf7 28.Re5 h6 29.Rec5 Rf6 30.Rxc7 Rxc7 31.Rxc7 Rb6 32.Ra7 Kh7 33.
Kf2 Rc6 34.Kg3 Rc2 35.Rxa6 Rc3 36.h4 b3 37.axb3 Rxb3 38.h5 Rb5 39.Kh4 Rd5 
40.Ra7 Kg8 41.g4 Kf8 42.Kg3 Kg8 1-0

[Event "zonal 3.2a"]
[Site "Yangon MYA"]
[Date "1998.12.10"]
[Round "2"]
[White "Chan, Mark"]
[Black "Mariano, Nelson"]
[Result "1-0"]
[WhiteElo "2240"]
[BlackElo "2435"]
[EventDate "1998.12.??"]
[PlyCount "75"]

1.e4 c5 2.Nc3 e6 3.g3 Nc6 4.Bg2 g6 5.d3 Bg7 6.f4 Nge7 7.Nf3 d6 8.O-O O-O 
9.Be3 Nd4 10.e5 Nef5 11.Bf2 Nxf3+ 12.Qxf3 Nd4 13.Qd1 d5 14.Na4 b6 15.b4 f6
16.bxc5 fxe5 17.fxe5 Bxe5 18.c3 Nc6 19.cxb6 axb6 20.Bxb6 Rxf1+ 21.Qxf1 Qe8
22.d4 Bxd4+ 23.cxd4 Rxa4 24.Qf2 Qf7 25.Qe3 Bd7 26.Bh3 e5 27.Rf1 Qe8 28.
Bxd7 Qxd7 29.dxe5 Rxa2 30.e6 Qg7 31.Qf3 Ne7 32.Qf4 Ra8 33.Bd4 g5 34.Qe3 
Ra3 35.Qxa3 Qxd4+ 36.Rf2 Nf5 37.e7 Kf7 38.Qf3 1-0

[Event "zonal 3.2a"]
[Site "Yangon MYA"]
[Date "1998.12.10"]
[Round "2"]
[White "De Guzman, Ricardo"]
[Black "Lim Yee Weng"]
[Result "1-0"]
[WhiteElo "2400"]
[BlackElo "2140"]
[EventDate "1998.12.??"]
[PlyCount "97"]

1.d4 f5 2.Nf3 Nf6 3.g3 g6 4.Bg2 Bg7 5.O-O O-O 6.c4 d6 7.Nc3 Nc6 8.d5 Ne5 
9.Qb3 Nfd7 10.Be3 Ng4 11.Bd4 Nde5 12.e3 f4 13.Bxe5 Nxe5 14.exf4 Nxf3+ 15.
Bxf3 g5 16.Ne2 gxf4 17.Nxf4 Be5 18.Ne6 Bxe6 19.dxe6 c6 20.Be4 Qb6 21.Qc2 
h6 22.Bg6 Rab8 23.Bf7+ Kh8 24.Rab1 Bg7 25.Kg2 c5 26.f3 Qc6 27.a4 a6 28.b3 
b5 29.axb5 axb5 30.Rfd1 Rb6 31.Rd5 bxc4 32.bxc4 Rfb8 33.Rxb6 Qxb6 34.Kh3 
Qb1 35.Qxb1 Rxb1 36.Rxd6 Rc1 37.Bg6 Bd4 38.Rd7 Kg7 39.Be4 Kf6 40.Bd5 Rc2 
41.Rd8 Bg1 42.Kg4 Rxh2 43.Kf4 Re2 44.Rf8+ Kg7 45.Rf7+ Kg6 46.Be4+ Kh5 47.
Rxe7 Rg2 48.Rg7 Be3+ 49.Kf5 1-0

[Event "zonal 3.2a"]
[Site "Yangon MYA"]
[Date "1998.12.10"]
[Round "2"]
[White "Kyaw Kyaw Soe"]
[Black "Nyi Nyi Zaw"]
[Result "0-1"]
[WhiteElo "2310"]
[BlackElo "2190"]
[EventDate "1998.12.??"]
[PlyCount "108"]

1.d4 Nf6 2.c4 c5 3.d5 e6 4.Nc3 exd5 5.cxd5 d6 6.e4 g6 7.Bf4 Nh5 8.Be3 Bg7 
9.Be2 Nf6 10.Nf3 O-O 11.Nd2 Re8 12.O-O a6 13.a4 Nbd7 14.Rb1 Qc7 15.Rc1 b6 
16.Bf4 Ne5 17.Bg3 Bd7 18.h3 g5 19.Qc2 Ng6 20.f4 gxf4 21.Bxf4 Nxf4 22.Rxf4 
b5 23.Rcf1 b4 24.Nd1 Qd8 25.Qb3 Rf8 26.Qf3 Ne8 27.Rxf7 Nf6 28.Rxf8+ Qxf8 
29.b3 Qe7 30.Nf2 Kh8 31.Nc4 Rf8 32.Qd3 Be8 33.Bf3 Bg6 34.Ne3 a5 35.Nc4 Ra8
36.Qe2 Nd7 37.Bh5 Bxh5 38.Qxh5 Bd4 39.Qe2 Nf6 40.Kh2 Nxd5 41.Qh5 Nf6 42.
Qh4 Rg8 43.g3 Qe6 44.e5 Bxe5 45.Nxe5 dxe5 46.Nd3 Nd7 47.Re1 Qxb3 48.Nxe5 
Qa2+ 49.Kg1 Qe6 50.Qf4 Nxe5 51.Rxe5 Qd6 52.Kh2 c4 53.Qe3 c3 54.Rxa5 Rd8 
0-1

[Event "zonal 3.2a"]
[Site "Yangon MYA"]
[Date "1998.12.10"]
[Round "2"]
[White "Myint Han"]
[Black "Hafizulhelmi, Mas"]
[Result "1-0"]
[WhiteElo "2260"]
[BlackElo "2400"]
[EventDate "1998.12.??"]
[PlyCount "77"]

1.e4 c5 2.Nf3 d6 3.d4 cxd4 4.Nxd4 Nf6 5.Nc3 a6 6.Bg5 e6 7.f4 Nbd7 8.Qf3 
Qc7 9.O-O-O b5 10.Bd3 Bb7 11.Rhe1 O-O-O 12.f5 e5 13.Nb3 Be7 14.Kb1 Kb8 15.
a4 b4 16.Bxf6 Nxf6 17.Nd5 Nxd5 18.exd5 a5 19.Bb5 Rc8 20.Qd3 Bf6 21.Nd2 g6 
22.Ne4 Bh4 23.Rf1 gxf5 24.Rxf5 Rhg8 25.g3 Bd8 26.Rc1 Rg4 27.c3 f6 28.h3 
Rg6 29.g4 bxc3 30.Rxc3 Qb6 31.Bc6 Ba6 32.Qc2 Qg1+ 33.Ka2 Be7 34.Rb3+ Ka7 
35.Rf2 Qe1 36.Rff3 Rc7 37.Rfe3 Qg1 38.Qc3 Bd8 39.Nxd6 1-0

[Event "zonal 3.2a"]
[Site "Yangon MYA"]
[Date "1998.12.10"]
[Round "2"]
[White "Nadera, Barlo"]
[Black "Myo Thant Khine"]
[Result "1-0"]
[WhiteElo "2400"]
[BlackElo "2320"]
[EventDate "1998.12.??"]
[PlyCount "69"]

1.d4 Nf6 2.c4 g6 3.Nc3 Bg7 4.e4 d6 5.Be2 O-O 6.g4 Nfd7 7.Be3 e5 8.d5 a5 9.
h4 Nc5 10.h5 c6 11.g5 cxd5 12.cxd5 Nba6 13.Nf3 Bd7 14.Nd2 Rb8 15.Kf1 b5 
16.Rc1 f6 17.hxg6 hxg6 18.gxf6 Qxf6 19.Kg2 Nb4 20.Qf1 g5 21.a3 Nba6 22.Kg1
b4 23.Nd1 bxa3 24.bxa3 Bc8 25.Qg2 g4 26.Bxg4 Bxg4 27.Qxg4 Nd3 28.Rc6 Nac5 
29.Rh6 Qe7 30.Rhxd6 Rb7 31.Rg6 Nd7 32.Rce6 Qf7 33.Bh6 Nxf2 34.Rxg7+ Kh8 
35.Rxf7 1-0

[Event "zonal 3.2a"]
[Site "Yangon MYA"]
[Date "1998.12.10"]
[Round "2"]
[White "Naing Lin Aung"]
[Black "Sharavdorj, Dashzeveg"]
[Result "0-1"]
[WhiteElo "2190"]
[BlackElo "2385"]
[EventDate "1998.12.??"]
[PlyCount "106"]

1.Nf3 Nf6 2.c4 g6 3.Nc3 Bg7 4.e4 d6 5.d4 O-O 6.Be2 e5 7.O-O Nc6 8.d5 Ne7 
9.Ne1 Nd7 10.Be3 f5 11.f3 f4 12.Bf2 g5 13.Rc1 Ng6 14.c5 Nxc5 15.b4 Na6 16.
Nb5 b6 17.a3 h5 18.Rc3 Rf7 19.h3 Bf8 20.Qc2 Rg7 21.Nd3 Nh4 22.Rc1 g4 23.
hxg4 hxg4 24.fxg4 Bxg4 25.Bxg4 Rxg4 26.Bxh4 Qxh4 27.Nf2 Rg6 28.Qe2 Bh6 29.
R1c2 Kh7 30.Rh3 Qg5 31.Qf3 Rag8 32.Nd3 R8g7 33.Ne1 Qf6 34.Rf2 Nb8 35.Nxa7 
c5 36.Nc6 Nd7 37.Qh5 Qf8 38.Nf3 Nf6 39.Qf5 Kg8 40.Qe6+ Kh7 41.Nh4 Nxe4 42.
Nxg6 Rxg6 43.Qe7+ Qxe7 44.Nxe7 Nxf2 45.Kxf2 Rf6 46.b5 Rf8 47.Rh5 c4 48.Ke2
e4 49.Nf5 Rxf5 50.Rxf5 Kg6 51.g4 fxg3 52.Rf1 c3 53.Kd1 Be3 0-1

[Event "zonal 3.2a"]
[Site "Yangon MYA"]
[Date "1998.12.10"]
[Round "2"]
[White "Nay Oo Kyaw Tun"]
[Black "Villamayor, Buenaventura"]
[Result "0-1"]
[WhiteElo "2395"]
[BlackElo "2280"]
[EventDate "1998.12.??"]
[PlyCount "132"]

1.e4 e6 2.d4 d5 3.Nd2 c5 4.exd5 Qxd5 5.Ngf3 cxd4 6.Bc4 Qd6 7.O-O Nf6 8.Nb3
Nc6 9.Nbxd4 Nxd4 10.Qxd4 a6 11.Bf4 Qxd4 12.Nxd4 b5 13.Be2 Bb7 14.Nb3 Nd5 
15.Bg3 O-O-O 16.Na5 Bd6 17.Bf3 Ba8 18.c4 bxc4 19.Bxd6 Rxd6 20.Nxc4 Rc6 21.
Rac1 Kd8 22.Rfe1 Rc7 23.b3 Ke7 24.Rcd1 Nc3 25.Rd2 Bxf3 26.gxf3 Rd8 27.Rc2 
Nb5 28.Rcc1 Rd5 29.Ne3 Rdc5 30.Rc4 Rxc4 31.bxc4 Nd4 32.Kg2 Rb7 33.Rd1 Nc6 
34.Rd3 Rb2 35.Ra3 a5 36.f4 Kd6 37.c5+ Kc7 38.Kf3 Rb4 39.f5 Rb5 40.Rc3 Nd4+
41.Ke4 Nxf5 42.Nxf5 exf5+ 43.Kd5 Rb2 44.Ra3 Rxf2 45.Rxa5 Rd2+ 46.Kc4 Rxh2 
47.Ra7+ Kc6 48.Ra6+ Kb7 49.Rb6+ Kc7 50.Ra6 Rb2 51.Kd5 f4 52.Ra7+ Rb7 53.
Ra5 f3 54.Ra3 Rb2 55.Rxf3 Rd2+ 56.Kc4 Kc6 57.Rxf7 Rg2 58.Rf5 Rxa2 59.Re5 
Ra4+ 60.Kb3 Rd4 61.Re7 Rd7 62.Re5 Rd5 63.Re7 Rg5 64.Ra7 h6 65.Kc4 Rg4+ 66.
Kd3 Kxc5 0-1

[Event "zonal 3.2a"]
[Site "Yangon MYA"]
[Date "1998.12.10"]
[Round "2"]
[White "Watanabe, Akira"]
[Black "Handoko, Edhi"]
[Result "0-1"]
[WhiteElo "2350"]
[BlackElo "2470"]
[EventDate "1998.12.??"]
[PlyCount "56"]

1.d4 d5 2.c4 c6 3.Nc3 Nf6 4.e3 e6 5.Nf3 Nbd7 6.Qc2 Bd6 7.Be2 O-O 8.O-O Qe7
9.Rd1 dxc4 10.Bxc4 e5 11.h3 e4 12.Ng5 Nb6 13.Bb3 Bf5 14.f3 Nbd5 15.Ncxe4 
Nxe4 16.fxe4 Qxg5 17.exf5 Nxe3 18.Bxe3 Qxe3+ 19.Qf2 Qg5 20.Rd3 Rae8 21.Rf1
Re4 22.Rf3 Qf6 23.Rd1 Rfe8 24.Bc4 h5 25.g3 Bc7 26.Kh1 Rd8 27.Re3 Rdxd4 28.
Rxd4 Qxd4 0-1

[Event "zonal 3.2a"]
[Site "Yangon MYA"]
[Date "1998.12.10"]
[Round "2"]
[White "Wong Zi Jing"]
[Black "Aung Aung"]
[Result "1/2-1/2"]
[WhiteElo "2120"]
[BlackElo "2400"]
[EventDate "1998.12.??"]
[PlyCount "39"]

1.e4 c5 2.Nf3 e6 3.d4 cxd4 4.Nxd4 a6 5.Nc3 Qc7 6.Bd3 Nf6 7.O-O d6 8.f4 
Nbd7 9.Kh1 Be7 10.Qf3 g6 11.g4 b5 12.g5 Nh5 13.f5 Ne5 14.Qe2 O-O 15.f6 Bd8
16.Qg2 Nxd3 17.cxd3 Bb7 18.a3 d5 19.Nde2 dxe4 20.dxe4 1/2-1/2

[Event "zonal 3.2a"]
[Site "Yangon MYA"]
[Date "1998.12.10"]
[Round "2"]
[White "Zaw Win Lay"]
[Black "Matsuo, Tomohiko"]
[Result "1-0"]
[WhiteElo "2465"]
[BlackElo "2205"]
[EventDate "1998.12.??"]
[PlyCount "57"]

1.e4 e5 2.Nf3 Nc6 3.Bb5 a6 4.Ba4 Nf6 5.O-O Be7 6.Re1 b5 7.Bb3 d6 8.c3 O-O 
9.h3 Na5 10.Bc2 c5 11.d4 Qc7 12.Nbd2 Rd8 13.Nf1 cxd4 14.cxd4 exd4 15.Nxd4 
d5 16.e5 Ne4 17.Bf4 Bc5 18.Ne3 Qb6 19.Nb3 Nxb3 20.Bxb3 Bb7 21.Qg4 Bxe3 22.
Rxe3 d4 23.Rf3 Nc5 24.Rg3 g6 25.Bg5 Rd7 26.Bf6 Bd5 27.Qh4 Bxb3 28.Qh6 Ne6 
29.Rg4 1-0

[Event "zonal 3.2a"]
[Site "Yangon MYA"]
[Date "1998.12.10"]
[Round "3"]
[White "Aung Aung"]
[Black "Watanabe, Akira"]
[Result "0-1"]
[WhiteElo "2400"]
[BlackElo "2350"]
[EventDate "1998.12.??"]
[PlyCount "102"]

1.e4 c5 2.c3 d5 3.exd5 Qxd5 4.d4 Nf6 5.Nf3 e6 6.Na3 Qd8 7.Nc2 Be7 8.Be2 
O-O 9.O-O Nc6 10.dxc5 Bxc5 11.Qxd8 Rxd8 12.Be3 Bxe3 13.Nxe3 b6 14.Rfd1 Bb7
15.Nc4 Nd5 16.g3 Kf8 17.Rd2 b5 18.Nce5 Nxe5 19.Nxe5 f6 20.Nd3 Nb6 21.Rdd1 
a6 22.Nc5 Bd5 23.Rxd5 exd5 24.Ne6+ Ke7 25.Nxd8 Rxd8 26.Rd1 Kd6 27.f3 Kc5 
28.Kf2 Re8 29.b3 Re7 30.Rd2 h6 31.a3 a5 32.Rd4 Re8 33.Ke1 a4 34.b4+ Kc6 
35.Kd2 Nc4+ 36.Bxc4 dxc4 37.h4 g6 38.g4 f5 39.gxf5 gxf5 40.Rf4 Rd8+ 41.Kc2
Rd5 42.h5 Kd6 43.Rh4 Rd3 44.Rh3 f4 45.Rh2 Rxf3 46.Rd2+ Ke5 47.Rd8 Rf2+ 48.
Kd1 Ke4 49.Rd4+ Ke3 50.Rd5 Rf1+ 51.Kc2 f3 0-1

[Event "zonal 3.2a"]
[Site "Yangon MYA"]
[Date "1998.12.10"]
[Round "3"]
[White "Dang Tat Thang"]
[Black "Nay Oo Kyaw Tun"]
[Result "1-0"]
[WhiteElo "2245"]
[BlackElo "2395"]
[EventDate "1998.12.??"]
[PlyCount "117"]

1.d4 d5 2.Nf3 Nf6 3.c3 Bf5 4.e3 e6 5.Bd3 Bxd3 6.Qxd3 c6 7.Nbd2 Nbd7 8.O-O 
Be7 9.e4 dxe4 10.Nxe4 Nxe4 11.Qxe4 Nf6 12.Qe2 O-O 13.Bg5 h6 14.Bh4 Nh5 15.
Bxe7 Qxe7 16.g3 Nf6 17.Rad1 Rfd8 18.Rd2 Qd6 19.Re1 Qc7 20.a3 Rd6 21.Qc4 
Rad8 22.Rde2 Rd5 23.b4 Qe7 24.Ne5 Nd7 25.Nd3 Nf8 26.f4 Ng6 27.a4 Qc7 28.
Rb1 Rc8 29.a5 h5 30.Ne5 Nxe5 31.fxe5 Qe7 32.h4 a6 33.Rf1 Rd7 34.Ref2 Rf8 
35.Qe2 g6 36.Rf6 Kg7 37.R1f4 Rh8 38.Qe4 Qe8 39.Kh2 Rh6 40.Kh3 Rh7 41.c4 
Kg8 42.g4 Kh8 43.Kg3 Qg8 44.Kf2 g5 45.hxg5 Qxg5 46.gxh5 Rxh5 47.Ke2 Qg3 
48.Qe3 Qg2+ 49.Qf2 Qh1 50.Qe3 Qb1 51.Rf2 Qc2+ 52.Ke1 Qxc4 53.Rh6+ Kg8 54.
Rxh5 Qxb4+ 55.Kf1 Qb1+ 56.Kg2 f6 57.exf6 Rxd4 58.f7+ Kf8 59.Rh8+ 1-0